Memoria del congreso sobre el mundo centroamericano de su tiempo. V° Centenario de Gonzalo Fernández de Oviedo
Uloženo v:
| Médium: | Neznámo |
|---|---|
| Vydáno: |
San José:
Comisión Nacional Organizadora
|
| Témata: | |
| Tagy: |
Přidat tag
Žádné tagy, Buďte první, kdo vytvoří štítek k tomuto záznamu!
|
MARC
| LEADER | 00000 a2200000 04500 | ||
|---|---|---|---|
| 001 | 19437 | ||
| 003 | |||
| 008 | 991231s d | ||
| 040 | |a CRAI/IIS |c CRAI/IIS | ||
| 090 | |a 0003 M533m | ||
| 245 | |a Memoria del congreso sobre el mundo centroamericano de su tiempo. V° Centenario de Gonzalo Fernández de Oviedo | ||
| 260 | |a San José: |b Comisión Nacional Organizadora | ||
| 300 | |a 487; 4 p. | ||
| 650 | |a HISTORIA | ||
| 999 | |c 8256 |d 8256 | ||
